| 000 | 01047nas a2200373 4500 | ||
|---|---|---|---|
| 001 | BR0501252 | ||
| 003 | BR-BrBNA | ||
| 005 | 20231205105307.0 | ||
| 007 | ta | ||
| 008 | 230509b bl.|||p| |||| 00| 00por d | ||
| 040 |
_aBR-BrBNA _bpor _cBiblioteca Nacional de Agricultura |
||
| 041 | _a(En) | ||
| 072 | _aF50; P34; F08 | ||
| 100 | 1 | _aVenzke Filho, S. de P. | |
| 100 | 1 | _aFeigl, B.J. | |
| 100 | 1 | _aPiccolo, M. de C. | |
| 100 | 1 | _aFante Junior, L. | |
| 100 | 1 | _aSiqueira Neto, M. | |
| 100 | 1 | _aCerri, C.C. | |
| 245 | 1 | _aRoot systems and soil microbial biomass under no-tillage system | |
| 650 | _aZEA MAYS | ||
| 650 | _aMILHO | ||
| 650 | _aGLYCINE MAX | ||
| 650 | _aSOJA | ||
| 650 | _aCARBONO | ||
| 650 | _aNITROGÊNIO | ||
| 650 | _aPLANTIO DIRETO | ||
| 650 | _aMICROBIOLOGIA DO SOLO | ||
| 650 | _aSISTEMA RADICULAR | ||
| 650 | _aBIOMASSA | ||
| 773 | 0 |
_tScientia Agrícola (Brazil) _xISSN 0103-9016 _g(Sep-Oct 2004), v. 61(5) p. 529-537 _wBR0501252 |
|
| 909 |
_a202311 _bLúcia _c55 _dLúcia Elande |
||
| 942 |
_2AGRIS _n0 _cANA |
||
| 999 |
_c182209 _d182209 |
||